000 00572nam a22002297a 4500
003 UA-OsUOA
001 92173
007 ta
008 20121211b un ||||| |||| 00| 0 ukr d
100 _aЯрмола М.
090 _a821.161.2
_bЯ75
942 _cBK
040 _aUA-OsUOA
_bukr
_cUA-OsUOA
_dUA-OsUOA
245 _aБілоцвіт
_bнариси
300 _a188 с.
955 _a3
041 _aukr
080 _a821.161.2
260 _aЛьвів
_c1976
650 7 _a82 Література. Літературознавство
_2UDC
999 _c378420
_d378420